中国各省省会与最大城市 Capitals and Largest Cities of China by Province - Statistics

General Stats
  • This quiz has been taken 50 times
  • The average score is 80 of 102
Answer Stats
Hint Answer Type Answer % Correct
河北省 行政中心 石家庄市
94%
山西省 人口第一 | 经济第一 | 行政中心 太原市
92%
内蒙古自治区 行政中心 呼和浩特市
92%
吉林省 人口第一 | 经济第一 | 行政中心 长春市
92%
浙江省 人口第一 | 经济第一 | 行政中心 杭州市
92%
陕西省 人口第一 | 经济第一 | 行政中心 西安市
92%
黑龙江省 人口第一 | 经济第一 | 行政中心 哈尔滨市
89%
江苏省 行政中心 南京市
89%
安徽省 人口第一 | 经济第一 | 行政中心 合肥市
89%
山东省 行政中心 济南市
89%
山东省 经济第一 青岛市
89%
河南省 人口第一 | 经济第一 | 行政中心 郑州市
89%
四川省 人口第一 | 经济第一 | 行政中心 成都市
89%
云南省 人口第一 | 经济第一 | 行政中心 昆明市
89%
辽宁省 人口第一 | 行政中心 沈阳市
86%
江苏省 人口第一 | 经济第一 苏州市
86%
福建省 经济第一 | 行政中心 福州市
86%
福建省 人口第一 泉州市
86%
江西省 经济第一 | 行政中心 南昌市
86%
湖南省 人口第一 | 经济第一 | 行政中心 长沙市
86%
广东省 人口第一 | 行政中心 广州市
86%
广东省 经济第一 深圳市
86%
广西壮族自治区 人口第一 | 经济第一 | 行政中心 南宁市
86%
海南省 人口第一 | 经济第一 | 行政中心 海口市
86%
贵州省 经济第一 | 行政中心 贵阳市
86%
甘肃省 人口第一 | 经济第一 | 行政中心 兰州市
86%
辽宁省 经济第一 大连市
83%
江西省 人口第一 赣州市
83%
湖北省 人口第一 | 经济第一 | 行政中心 武汉市
83%
西藏自治区 人口第一 | 经济第一 | 行政中心 拉萨市
83%
青海省 人口第一 | 经济第一 | 行政中心 西宁市
83%
河北省 人口第一 保定市
81%
河北省 经济第一 唐山市
81%
宁夏回族自治区 人口第一 | 经济第一 | 行政中心 银川市
81%
新疆维吾尔自治区 经济第一 | 行政中心 乌鲁木齐市
78%
北京市 经济第一 海淀区
75%
内蒙古自治区 经济第一 鄂尔多斯市
75%
上海市 人口第一 | 经济第一 浦东新区
75%
天津市 人口第一 | 经济第一 滨海新区
72%
山东省 人口第一 临沂市
72%
北京市 行政中心 通州区
69%
北京市 人口第一 朝阳区
67%
内蒙古自治区 人口第一 赤峰市
67%
台湾省 经济第一 | 行政中心 台北市
67%
重庆市 行政中心 渝中区
64%
贵州省 人口第一 毕节市
53%
台湾省 人口第一 新北市
53%
上海市 行政中心 黄浦区
50%
重庆市 人口第一 | 经济第一 两江新区
50%
天津市 行政中心 河西区
39%
新疆维吾尔自治区 人口第一 喀什地区
39%
香港特别行政区 经济第一 | 行政中心 中西区
33%
香港特别行政区 人口第一 沙田区
14%
澳门特别行政区 人口第一 花地玛堂区
14%
澳门特别行政区 经济第一 | 行政中心 大堂区
8%
No matching quizzes found
Score Distribution
Percent of People with Each Score
Percentile by Number Answered
Your Score History
You have not taken this quiz